Personnages du Baroque Works de One Piece par images - Statistiques

Statistiques générales
  • Ce quiz a été pris 58 fois
  • Le résultat moyen est 14 sur 18
Statistiques - réponses
Par images Hint Réponse % Correct
Chefs Mr 0
100%
Chefs Miss All-Sunday
87%
Agents Frontiers Miss Wednesday
87%
Agents Officiers Mr 2
87%
Agents Officiers Mr 3
87%
Agents Officiers Mr 4
87%
Agents Officiers Mr 5
87%
Agents Officiers Miss Valentine
82%
Agents Officiers Mr 1
82%
Agents Frontiers Mr 8
76%
Agents Frontiers Mr 9
76%
Agents Frontiers Miss Monday
66%
Autres Membres Kaloo
63%
Agents Officiers Miss GoldenWeek
63%
Unluckies Mr 13
61%
Agents Officiers Miss Double-Finger
58%
Agents Officiers Miss Merry Christmas
55%
Unluckies Miss Friday
53%
Aucun quiz correspondant
Distribution des résultats
% des personnes avec chaque résultat
Percentile par nombre de réponses
Votre historique - résultats
Vous n’avez pas pris ce quiz